[Event "Knarrevik Winter 1st"]
[Site "Knarrevik"]
[Date "2015.02.28"]
[Round "2"]
[White "Opdahl, Jens Christian L"]
[Black "Bjugn, Gisle"]
[Result "0-1"]
[WhiteElo "1064"]
[BlackElo "1749"]
[PlyCount "66"]
[EventDate "2015.02.27"]
[EventType "swiss"]
[EventRounds "5"]
[EventCountry "NOR"]
[SourceTitle "EXT 2024"]
[Source "ChessBase"]
[SourceDate "2023.10.10"]
[SourceVersion "1"]
[SourceVersionDate "2023.10.10"]
[SourceQuality "1"]

1. e4 c5 2. Nf3 g6 3. d4 cxd4 4. Nxd4 Nc6 5. Nc3 Bg7 6. Be3 Nf6 7. Bc4 0-0 8. Nb3 a5 9. a4 Nb4 10. f3 Qc7 11. Bb5 Nxe4 12. fxe4 Bxc3+ 13. bxc3 Qxc3+ 14. Ke2 Nxc2 15. Qd3 Qxd3+ 16. Kxd3 Nxa1 17. Rxa1 d6 18. Bb6 f5 19. Bc4+ e6 20. exf5 gxf5 21. Bxa5 Bd7 22. Bb5 Bxb5+ 23. axb5 Kf7 24. Rc1 Rfc8 25. Rc7+ Rxc7 26. Bxc7 e5 27. Kc4 Ra4+ 28. Kc3 Ke6 29. Na5 Kd5 30. Nxb7 Rc4+ 31. Kb3 Rxc7 32. Na5 Kc5 33. Nc4 Rb7 0-1

[Event "NOR-ch U11"]
[Site "Hamar"]
[Date "2013.11.15"]
[Round "2"]
[White "Opdahl, Jens Christian L"]
[Black "Kaasen, Tor Fredrik"]
[Result "1/2-1/2"]
[WhiteElo "878"]
[BlackElo "1168"]
[PlyCount "41"]
[EventDate "2013.11.15"]
[EventType "swiss"]
[EventRounds "7"]
[EventCountry "NOR"]
[SourceTitle "EXT 2024"]
[Source "ChessBase"]
[SourceDate "2023.10.10"]
[SourceVersion "1"]
[SourceVersionDate "2023.10.10"]
[SourceQuality "1"]

1. e4 c5 2. Nf3 Nc6 3. d4 cxd4 4. Nxd4 e5 5. Nb5 d6 6. Bc4 a6 7. N5c3 h6 8. Be3 Nf6 9. 0-0 b5 10. Bd5 Bb7 11. Nd2 b4 12. Na4 Nxd5 13. exd5 Ne7 14. Nb6 Nxd5 15. Nxa8 Bxa8 16. Nf3 g5 17. Qe2 Be7 18. Rad1 Nxe3 19. fxe3 g4 20. Ne1 h5 21. Rd2 1/2-1/2

[Event "NOR-ch U10"]
[Site "Lillehammer"]
[Date "2013.06.29"]
[Round "5"]
[White "Jacobsen, Fredrik Lytomt"]
[Black "Opdahl, Jens Christian L"]
[Result "0-1"]
[WhiteElo "621"]
[BlackElo "878"]
[PlyCount "68"]
[EventDate "2013.06.29"]
[EventType "swiss"]
[EventRounds "9"]
[EventCountry "NOR"]
[SourceTitle "EXT 2017"]
[Source "ChessBase"]
[SourceDate "2016.10.25"]
[SourceVersion "1"]
[SourceVersionDate "2016.10.25"]
[SourceQuality "1"]

1. d4 Nf6 2. Nf3 g6 3. Bg5 Bg7 4. e3 d6 5. Nc3 0-0 6. Bd3 Bg4 7. 0-0 Nc6 8. h3 Bxf3 9. Qxf3 Re8 10. Bxf6 Bxf6 11. Ne4 Bg7 12. Qg3 f5 13. Ng5 e6 14. Qf3 Qxg5 15. d5 Ne5 16. Qe2 Nxd3 17. Qxd3 e5 18. Qb5 b6 19. Qc6 Rac8 20. Qb7 a5 21. Qc6 f4 22. exf4 exf4 23. Qd7 f3 24. g3 Qf5 25. Qxf5 gxf5 26. Rad1 Re4 27. c4 Re2 28. Rd3 Rxb2 29. Rxf3 Rf8 30. Rd3 h5 31. Re3 Be5 32. f4 Bd4 33. Rfe1 Bxe3+ 34. Rxe3 Rxa2 0-1

[Event "NOR-ch U10"]
[Site "Lillehammer"]
[Date "2013.06.29"]
[Round "8"]
[White "Opdahl, Jens Christian L"]
[Black "Nilsen, Tobias Lang"]
[Result "1-0"]
[WhiteElo "878"]
[BlackElo "944"]
[PlyCount "51"]
[EventDate "2013.06.29"]
[EventType "swiss"]
[EventRounds "9"]
[EventCountry "NOR"]
[SourceTitle "EXT 2017"]
[Source "ChessBase"]
[SourceDate "2016.10.25"]
[SourceVersion "1"]
[SourceVersionDate "2016.10.25"]
[SourceQuality "1"]

1. e4 e6 2. d4 d5 3. exd5 exd5 4. Nf3 Nf6 5. Bg5 Bd6 6. Nc3 c6 7. Be2 0-0 8. 0-0 Bf5 9. Re1 Nbd7 10. Bd3 Bxd3 11. Qxd3 h6 12. Bh4 Qc7 13. Re2 Ng4 14. h3 Ngf6 15. Bxf6 Nxf6 16. Rae1 Rad8 17. Nh4 Qd7 18. Nf5 Bb8 19. Qf3 Qc8 20. Nxh6+ gxh6 21. Qxf6 Kh7 22. Re7 Rd7 23. R1e6 Qc7 24. Qxh6+ Kg8 25. Rg6+ fxg6 26. Qg7# 1-0

[Event "Bergen op-B"]
[Site "Bergen"]
[Date "2012.11.23"]
[Round "2"]
[White "Opdahl, Jens Christian L"]
[Black "Sevland, Kurt Normann"]
[Result "0-1"]
[WhiteElo "754"]
[BlackElo "1281"]
[PlyCount "116"]
[EventDate "2012.11.23"]
[EventType "swiss"]
[EventRounds "5"]
[EventCountry "NOR"]
[SourceTitle "EXT 2024"]
[Source "ChessBase"]
[SourceDate "2023.10.10"]
[SourceVersion "1"]
[SourceVersionDate "2023.10.10"]
[SourceQuality "1"]

1. e4 e6 2. d4 d5 3. Nc3 Nf6 4. e5 Nfd7 5. Nf3 Be7 6. Bd3 a6 7. h4 c5 8. b3 b5 9. Be3 c4 10. Be2 Bb4 11. Bd2 Qa5 12. Nb1 cxb3 13. cxb3 Bxd2+ 14. Qxd2 Qxd2+ 15. Nbxd2 Nc6 16. a3 Nb6 17. Rc1 Bb7 18. h5 h6 19. 0-0 Rc8 20. Rc5 Kd7 21. Rfc1 Rc7 22. Ra1 Rhc8 23. Rcc1 Kd8 24. a4 bxa4 25. bxa4 Nxd4 26. Rxc7 Nxe2+ 27. Kf1 Rxc7 28. Kxe2 Rc2 29. Rb1 Kc7 30. a5 Nc4 31. Ra1 Nxd2 32. Nxd2 Bc6 33. Kd3 Rb2 34. Kc3 Rb5 35. Nb3 d4+ 36. Nxd4 Rxe5 37. Nxc6 Kxc6 38. g4 Kb5 39. Kb3 Re4 40. Rg1 f6 41. Rg3 Kxa5 42. Re3 Rxe3+ 43. fxe3 Kb5 44. e4 e5 45. Kc3 Kc5 46. Kd3 a5 47. Kc3 a4 48. Kb2 Kd4 49. Ka3 Kxe4 50. Kxa4 Kf3 51. Kb4 e4 52. Kc3 e3 53. Kd3 e2 54. Kd2 Kf2 55. g5 e1Q+ 56. Kd3 Qe3+ 57. Kc4 Qxg5 58. Kb4 Qc1 0-1